| Tag |
First Indicator |
Second Indicator |
Subfields |
| LEADER |
00000cam a2200000Ia 4500 |
| 001 |
in00002467360 |
| 005 |
20151110113653.0 |
| 008 |
090507s1759 ne a 000 d dut d |
| 035 |
|
|
|a (OCoLC)ocn320425023
|
| 035 |
|
|
|a (OCoLC)320425023
|
| 040 |
|
|
|a TXA
|c TEF
|d TXA
|d UtOrBLW
|
| 041 |
1 |
|
|a dut
|h fre
|
| 049 |
|
|
|a TXAM
|
| 050 |
|
4 |
|a PQ2019.P355
|b N6814 1759
|
| 082 |
0 |
4 |
|a 842/.5
|2 22
|
| 100 |
1 |
|
|a Pellegrin,
|c M. l'abbé
|q (Simon-Joseph),
|d 1663-1745.
|
| 240 |
1 |
0 |
|a Nouveau monde.
|l Dutch
|
| 245 |
1 |
3 |
|a De nieuwe waereld :
|b blyspel. met zang, dans, konst en vliegwerk /
|c [M. l'abbé Simon-Joseph Pellegrin] ; gevolgt naar het Fransche door N.W. opden Hooff.
|
| 264 |
|
1 |
|a Amsterdam :
|b Izaak Duim,
|c 1759.
|
| 300 |
|
|
|a 77 pages :
|b illustrations ;
|c 15 cm.
|
| 336 |
|
|
|a text
|b txt
|2 rdacontent
|
| 337 |
|
|
|a unmediated
|b n
|2 rdamedia
|
| 338 |
|
|
|a volume
|b nc
|2 rdacarrier
|
| 650 |
|
0 |
|a French drama
|y 18th century
|v Translations into Dutch.
|
| 700 |
1 |
|
|a Hooff, Nicolaas Willem op den.
|
| 936 |
|
|
|a PR 71438740
|
| 948 |
|
|
|a cataloged
|b h
|c 2009/12/21
|d c
|e hgolay
|f 2:35:01 pm
|
| 994 |
|
|
|a C0
|b TXA
|
| 999 |
|
|
|a MARS
|
| 999 |
f |
f |
|s b3297115-a2ed-3908-a929-a7da05dcb747
|i 871e5172-16a2-370b-9771-8796290e48ce
|t 0
|
| 952 |
f |
f |
|p noncirc
|a Texas A&M University
|b College Station
|c Cushing Memorial Library & Archives
|d Cushing: Dawson French (Does not check out)
|t 0
|e PQ2019.P355 N6814 1759
|h Library of Congress classification
|i unmediated -- volume
|
| 998 |
f |
f |
|a PQ2019.P355 N6814 1759
|t 0
|l Cushing: Dawson French (Does not check out)
|